Finishing of rubberwood products (Record no. 48232)

MARC details
000 -LEADER
fixed length control field 00421nam a2200109Ia 4500
100 ## - MAIN ENTRY--AUTHOR NAME
Personal name Ahmad Shakri M S
245 #0 - TITLE STATEMENT
Title Finishing of rubberwood products
260 ## - PUBLICATION, DISTRIBUTION, ETC. (IMPRINT)
Name of publisher In: Rubberwood Processing and Utilization Ed.2. (Eds. Hong, L.T and SIm, H.C) Forest Research Institute of Malaysia, Kuala Lumpur, Malaysia, 1999. pp. 165-176.
Year of publication 1999
650 ## - SUBJECT ADDED ENTRY--TOPICAL TERM
Topical Term Wood products
942 ## - ADDED ENTRY ELEMENTS (KOHA)
Koha item type Bibliography RLWO
Holdings
Withdrawn status Lost status Damaged status Not for loan Home library Current library Date acquired Koha item type
      Bibliography RRII Library RRII Library 31/12/2021 Bibliography RLWO